[Event "GER-ch Net blitz qual3"]
[Site "Playchess.com INT"]
[Date "2021.05.07"]
[Round "2"]
[White "Tiarks, Jann Christian"]
[Black "Daeuber, Andreas"]
[Result "0-1"]
[WhiteElo "2083"]
[BlackElo "1666"]
[PlyCount "66"]
[EventDate "2021.05.07"]
[EventType "swiss (blitz)"]
[EventRounds "11"]
[EventCountry "GER"]
[SourceTitle "CBM 202 Extra"]
[Source "ChessBase"]
[SourceDate "2021.07.31"]
[SourceVersion "1"]
[SourceVersionDate "2021.07.31"]
[SourceQuality "1"]

1. e4 e5 2. Nf3 d6 3. d4 exd4 4. Nxd4 Be7 5. c4 Nf6 6. Nc3 0-0 7. Be2 c6 8. 0-0 c5 9. Nc2 b6 10. Ne3 Bb7 11. Ned5 Nxd5 12. Nxd5 Bxd5 13. Qxd5 Nd7 14. f4 Nf6 15. Qd3 Qc7 16. Bf3 Rad8 17. Bd2 Ne8 18. Bc3 Bf6 19. Rad1 Bxc3 20. Qxc3 Nf6 21. Rfe1 h6 22. Qc2 Nh7 23. Rd2 d5 24. cxd5 Qxf4 25. Rf2 Qe5 26. Bg4 Rxd5 27. Ref1 Rd4 28. Bf5 Nf6 29. Qb3 c4 30. Qa3 Nxe4 31. Bxe4 Rxe4 32. Qxa7 Qd4 33. Kh1 Qxf2 0-1

[Event "GER-ch Net blitz qual2"]
[Site "Playchess.com INT"]
[Date "2021.05.04"]
[Round "9"]
[White "Daeuber, Andreas"]
[Black "Belikan, Thomas"]
[Result "1-0"]
[WhiteElo "1720"]
[BlackElo "1620"]
[PlyCount "73"]
[EventDate "2021.05.04"]
[EventType "swiss (blitz)"]
[EventRounds "11"]
[EventCountry "GER"]
[SourceTitle "CBM 202 Extra"]
[Source "ChessBase"]
[SourceDate "2021.07.31"]
[SourceVersion "1"]
[SourceVersionDate "2021.07.31"]
[SourceQuality "1"]

1. d4 Nf6 2. c4 e6 3. Nc3 Bb4 4. a3 Bxc3+ 5. bxc3 c5 6. e4 d6 7. Bd3 e5 8. d5 0-0 9. Ne2 h6 10. 0-0 Nbd7 11. f4 Re8 12. f5 Qa5 13. Bd2 a6 14. a4 Qd8 15. Kh1 a5 16. Ng1 Nf8 17. g4 N8h7 18. h4 Nxd5 19. Nf3 Ndf6 20. g5 Ng4 21. Rg1 Nf2+ 22. Kh2 Nxd1 23. Raxd1 hxg5 24. hxg5 f6 25. g6 Nf8 26. Kg3 Nxg6 27. fxg6 Qd7 28. Kf2 Qh3 29. Rh1 Qg4 30. Rdg1 Qd7 31. Rh4 Kf8 32. Rgh1 Ke7 33. Rh7 Rg8 34. Rh8 Rxh8 35. Rxh8 Qg4 36. Nh4 Qxg6 37. Nxg6+ 1-0

[Event "GER-ch Net blitz qual1"]
[Site "Playchess.com INT"]
[Date "2021.04.24"]
[Round "8"]
[White "Gallasch, Jonas"]
[Black "Daeuber, Andreas"]
[Result "1-0"]
[WhiteElo "1968"]
[BlackElo "1705"]
[PlyCount "121"]
[EventDate "2021.04.24"]
[EventType "swiss (blitz)"]
[EventRounds "11"]
[EventCountry "GER"]
[SourceTitle "CBM 202 Extra"]
[Source "ChessBase"]
[SourceDate "2021.07.31"]
[SourceVersion "1"]
[SourceVersionDate "2021.07.31"]
[SourceQuality "1"]

1. d4 d5 2. c4 dxc4 3. Nf3 c5 4. e3 cxd4 5. exd4 Nf6 6. Bxc4 e6 7. 0-0 Be7 8. Nc3 0-0 9. Bf4 Nc6 10. Qd2 a6 11. Rfd1 Nd5 12. Nxd5 exd5 13. Bb3 Bf6 14. Ne5 Be6 15. Rac1 Rc8 16. h3 Ne7 17. Rxc8 Qxc8 18. Rc1 Qd8 19. Qc2 Bxe5 20. Bxe5 Nc6 21. Ba4 Nxe5 22. dxe5 Qg5 23. Re1 Rc8 24. Qd3 Qf4 25. Bb3 d4 26. Bxe6 fxe6 27. g3 Qh6 28. h4 Rc1 29. Rxc1 Qxc1+ 30. Kg2 Qxb2 31. Qc4 Kf7 32. Qc7+ Kg6 33. Qe7 Qxa2 34. h5+ Kf5 35. g4+ Kxe5 36. Qxg7+ Kd5 37. Qxb7+ Kc4 38. Qc6+ Kd3 39. Qf3+ Kc4 40. Qe4 Kc3 41. Qxh7 d3 42. Qc7+ Kd4 43. Qb6+ Kc3 44. Qc5+ Kd2 45. h6 Qd5+ 46. Qxd5 exd5 47. h7 Kc1 48. h8Q d2 49. Qc3+ Kd1 50. Kf1 a5 51. Qxa5 d4 52. Qa2 Kc1 53. Qa1+ Kc2 54. Qxd4 d1Q+ 55. Qxd1+ Kxd1 56. g5 Kd2 57. g6 Kd3 58. g7 Kd4 59. g8Q Kc5 60. Qe8 Kd4 61. f4 1-0

[Event "Hohenloher op 10th"]
[Site "Forchtenberg"]
[Date "2003.06.19"]
[Round "1"]
[White "Gabriel, Josef"]
[Black "Daeuber, Andreas"]
[Result "1-0"]
[WhiteElo "2179"]
[BlackElo "1734"]
[PlyCount "77"]
[EventDate "2003.06.19"]
[EventType "swiss"]
[EventRounds "7"]
[EventCountry "GER"]
[SourceTitle "EXT 2004"]
[Source "ChessBase"]
[SourceDate "2003.11.25"]
[SourceVersion "1"]
[SourceVersionDate "2003.11.25"]
[SourceQuality "1"]

1. d4 d5 2. c4 e6 3. Nc3 Nf6 4. Bg5 Be7 5. e3 0-0 6. Nf3 b6 7. cxd5 exd5 8. Bd3 Bb7 9. 0-0 c5 10. Rc1 h6 11. Bh4 Nbd7 12. Bb1 Ne4 13. Bxe7 Qxe7 14. dxc5 Nxc3 15. Rxc3 Nxc5 16. Qc2 g6 17. b4 Ne6 18. Ne5 Rac8 19. Nxg6 fxg6 20. Qxg6+ Kh8 21. Qxh6+ Kg8 22. Ra3 Rf6 23. Bh7+ Kf7 24. Qh4 a6 25. e4 dxe4 26. Rg3 Ng7 27. Qg5 Kf8 28. h4 Rf7 29. Qh6 Rc6 30. Bg6 Qf6 31. Qh8+ Ke7 32. Bxf7 Kxf7 33. Rd1 Rc7 34. Rd8 Ke6 35. Qg8+ Rf7 36. Rf8 Qxf2+ 37. Kh2 Qf4 38. Rxf7 Qxf7 39. Rg6+ 1-0

[Event "Crailsheim op 4th"]
[Site "Crailsheim"]
[Date "1998.??.??"]
[Round "?"]
[White "Daeuber, Andreas"]
[Black "Repplinger, Marc"]
[Result "0-1"]
[WhiteElo "1680"]
[BlackElo "2190"]
[PlyCount "100"]
[EventDate "1998.05.??"]
[EventType "swiss"]
[EventRounds "7"]
[EventCountry "GER"]
[SourceTitle "EXT 2006"]
[Source "ChessBase"]
[SourceDate "2005.11.24"]
[SourceVersion "1"]
[SourceVersionDate "2005.11.24"]
[SourceQuality "1"]

1. e4 c5 2. Nf3 d6 3. d4 cxd4 4. Nxd4 Nf6 5. Nc3 g6 6. Be3 Bg7 7. Bd3 0-0 8. Qd2 Ng4 9. Nde2 Nxe3 10. Qxe3 Nc6 11. 0-0 Qa5 12. a3 Bg4 13. b4 Qd8 14. Rab1 Rc8 15. h3 Bd7 16. Nb5 a6 17. Nbd4 Nxd4 18. Nxd4 Qc7 19. c4 Qb8 20. Rfc1 b5 21. cxb5 axb5 22. Ne2 Qa8 23. Rxc8 Rxc8 24. Rc1 Qxa3 25. Rxc8+ Bxc8 26. Bxb5 Qxb4 27. Bd3 Be6 28. Nf4 Bh6 29. Qf3 Bxf4 30. Qxf4 Qd4 31. Qf3 Bd7 32. Qe2 Kg7 33. Kf1 Qe5 34. Ke1 h6 35. Qe3 g5 36. g4 Bc6 37. Kf1 e6 38. Ke2 Kf6 39. h4 Kg7 40. hxg5 hxg5 41. f3 Kf6 42. Qb6 Qc5 43. Qxc5 dxc5 44. Bc4 Ke5 45. Ke3 Ba4 46. Be2 Bb3 47. Bb5 c4 48. Bc6 c3 49. Be8 f6 50. Bc6 Bd1 0-1